000 00538nam a2200181Ia 4500
008 100920s9999 xx 000 0 und d
082 _b96759
_a51 न 05
100 _aपवार प्रताप.
245 _aवाटचाल.
260 _bसकाळ पेपर्स प्रा. लि., पुणे.
_c2005
300 _a288
_bसाधी
365 _b200
520 _aचरित्र.
630 _aवाटचाल.
650 _aचरित्र.
730 _aवाटचाल.
942 _cBOOK
999 _c737198
_d737195